Thyroid Book (Record no. 48728)

MARC details
000 -LEADER
fixed length control field 00294nam a2200133Ia 4500
008 - FIXED-LENGTH DATA ELEMENTS--GENERAL INFORMATION
fixed length control field 220805s9999 xx 000 0 und d
041 ## - LANGUAGE CODE
Language code of text/sound track or separate title mar
082 ## - DEWEY DECIMAL CLASSIFICATION NUMBER
Classification number 809 613.7
100 ## - MAIN ENTRY--PERSONAL NAME
Personal name Diwekar,Rutuja
9 (RLIN) 88540
260 ## - PUBLICATION, DISTRIBUTION, ETC. (IMPRINT)
Name of publisher, distributor, etc. Westland Ltd
Date of publication, distribution, etc. 2016
245 ## - TITLE STATEMENT
Title Thyroid Book
250 ## - EDITION STATEMENT
Edition statement 1
300 ## - PHYSICAL DESCRIPTION
Extent 187
Holdings
Withdrawn status Lost status Damaged status Not for loan Collection code Home library Current library Date acquired Vendor Full call number Barcode Date last seen Bill Date Koha item type Original Barcode
          Manilal Nanavati Vocational Training Institute Pune Manilal Nanavati Vocational Training Institute Pune 09/08/2022 Donated 809 613.7/DIW/DB1359 MNVT-DB-1359 09/08/2022 09/08/2022 Donated Book DB1359